| LEADER |
01171nam0a2200229 450 |
| 001 |
16838503 |
| 010 |
|
|
|a 979-10-363-3311-8
|b br.
|d 10,95
|
| 100 |
|
|
|a 20220117d2022 u u0frey01 ba
|
| 101 |
0 |
|
|a fre
|
| 102 |
|
|
|a FR
|
| 200 |
0 |
|
|a Décollage immédiat !
|e Anatole Latuile
|
| 207 |
|
1 |
|a
|
| 210 |
|
|
|a Toulouse
|c BD kids
|d 2022
|
| 215 |
|
|
|a 1 vol. (96 p.)
|d 21 cm
|
| 330 |
|
|
|a Si votre tortue ne veut plus sortir de sa carapace, si votre perroquet souffre d'une petite fracture, si votre salon a été transformé en parcours d'entraînement pour Morvox, ou si la maîtresse semble avoir été hypnotisée... C'est qu'Anatole a encore voulu relever quelques défis ! Avec lui, les voitures se transforment en vaisseaux Stratruc et le décollage est immédiat pour la planète Bêtise !
|
| 461 |
|
0 |
|t Anatole Latuile
|v 15
|
| 700 |
|
0 |
|a Devaux
|b Clément
|c Illustrateur
|f 1979-....
|4 70
|
| 702 |
|
0 |
|a Muller
|b Olivier
|c Auteur du texte
|f 1973-....
|4 70
|
| 702 |
|
0 |
|a Didier
|b Anne
|c Auteur du texte
|f 1969-....
|4 70
|
| 900 |
|
|
|a Bande Dessinée enfant ado
|
| 901 |
|
|
|a Accessible au prêt
|
| 995 |
|
|
|a Bibliothèque
|c Bibliothèque
|f 024022100
|h 024022100
|k BD DID
|o p
|q j
|r az
|e Bibliothèque
|